Stochastic partial differential equations : a modeling, white noise functional approach
Saved in:
| Other Authors: | |
|---|---|
| Format: | Book |
| Language: | English |
| Published: |
Boston :
Birkhauser,
c1996
|
| Series: | Probability and its applications
|
| Subjects: | |
| Tags: |
Add Tag
No Tags, Be the first to tag this record!
|
MARC
| LEADER | 00000nam a2200000 i 4500 | ||
|---|---|---|---|
| 001 | 1/76624 | ||
| 008 | 990401s1996 eng d | ||
| 020 | |a 0-8176-3928-4 | ||
| 035 | |l 10049655 | ||
| 040 | |a GR-MY-UA |b gre |e aacr | ||
| 041 | 0 | |a eng | |
| 082 | 0 | |a 519.2 | |
| 245 | 1 | 0 | |a Stochastic partial differential equations : |b a modeling, white noise functional approach / |c Helge Holden...[et al.]. |
| 260 | |a Boston : |b Birkhauser, |c c1996 | ||
| 300 | |a 230 p.; |c 25 cm. | ||
| 490 | 1 | |a Probability and its applications | |
| 500 | |a Includes bibliographical references and index | ||
| 650 | 0 | 0 | |a Stochastic partial differential equations. |
| 700 | 1 | |a Holden, H. (Helge) |d 1956- | |
| 830 | 0 | |a Probability and its applications | |
| 852 | |a INST |b SAMOS |e 19990401 |h 519.2 STO |p 005300014869 |q 005300014869 |t BK |y 0 | ||
| 901 | |a BIBL-1999-2 | ||
| 909 | |a Σ |b 064528 | ||
| 922 | |a 3ΕΛΗ |b 199903 |c ΚΠΣ |d GLORY | ||
| 950 | |a 116-1998-08-10 | ||